Circular Economy Package and Impact to Municipal Waste Generation

Saved in:
Bibliographic Details
Main Author: Šikýř, Petr
Other Authors: Blaščák, Pavel, 1978-
Format: Book Chapter
Language:English
Subjects:
Tags: Add Tag
No Tags, Be the first to tag this record!

MARC

LEADER 00000nla a2200000 4500
001 0240634
005 20240502073921.0
041 0 |a eng 
044 |a SK 
245 1 0 |a Circular Economy Package and Impact to Municipal Waste Generation  |c Petr Šikýř, Pavel Blaščák 
500 |a Abstrakt 
610 2 0 |a hospodárstvo obehové 
610 2 0 |a odpad komunálny 
610 2 0 |a recyklácia odpadu 
610 2 0 |a hospodárstvo odpadové 
100 1 |a Šikýř, Petr 
700 1 |a Blaščák, Pavel, 1978-